000 00557nam a2200181Ia 4500
005 20250508155244.0
008 008 250505s9999 xx 000 0 eng d
037 _aBooks to be hide in OPAC
040 _aFEDL
_beng
_cFEDL
041 _aeng
_2eng
084 _a372.65, MAL/O
_qFEDL
100 _aMalik Anand
245 0 _aStructural approach for teaching a foreign language
260 _aChandigarh, India
_bGovt. Post Graduale Basic Training College
_c1962
300 _a27p.
942 _cHB
_h372.65, MAL/O
999 _c1355536
_d1355536